|
|
|
|
| LEADER |
00000nam a2200000 a 4500 |
| 001 |
87531-3 |
| 003 |
Ucuenca |
| 005 |
20230308184911.0 |
| 008 |
993122|1993 ||||||||r|||||||||||spa|| |
| 020 |
|
|
|a 0070791627
|
| 040 |
|
|
|b spa
|
| 041 |
0 |
|
|a spa
|a eng
|
| 082 |
0 |
|
|a 603
|
| 100 |
1 |
|
|a Collazo, Javier L.
|9 39830
|
| 245 |
|
|
|a Diccionario enciclopédico de términos técnicos: inglés-español, español-inglés A-Z
|c Javier L. Collazo
|h imp
|n tomo 3
|
| 264 |
|
|
|a México
|b McGraw-Hill
|c 1993
|
| 300 |
|
|
|a xv, 430 páginas:
|c 27 cm
|
| 504 |
|
|
|a incl. ref.
|
| 650 |
0 |
|
|a Diccionario tecnico
|9 33195
|
| 650 |
0 |
|
|a Diccionario ingles español
|9 9469
|
| 650 |
0 |
|
|a Diccionario español ingles
|9 9462
|
| 650 |
0 |
0 |
|a Diccionario
|9 8614
|
| 852 |
|
|
|a UC-CDJBV
|f Compra
|l 1
|m Limitada
|p 19931227
|q 220000
|t 87531-3
|b 1
|d CDRC
|e CDRC
|g 603 SEGUNDO PISO
|z 1993-31-22
|
| 942 |
|
|
|c BK
|
| 999 |
|
|
|c 67710
|d 67710
|